| 000 | 013420000a22002050004500 | ||
|---|---|---|---|
| 041 | 0 | _aSPA | |
| 082 | 0 | 4 | _aG 173 Z26e |
| 100 | 1 | _aZamudio, Lucero | |
| 245 | 1 | 0 | _aLa estructura familiar en los sectores populares urbanos. El machismo en los dos sexos / Lucero Zamudio, Hernando Clavijo, Jorge Gissi |
| 260 | _aBofotá, Colombia : CENPAFAL | ||
| 300 | _a99 Pag. | ||
| 500 | _aPrimer concurso CENPAFAL acerca de la Situación de la Familia Latinoamericana patrocinado por ADVENIAT (Alemania) | ||
| 505 | 0 | 0 | _aconformación histórica de la población analizada --La estructura familiar en los sectores populares urbanos -- estructura familiar -- la familia extensa en la estructura económica -- la familia extensa ante el poder y los valores -- las relaciones familiares al interior del clan -- perspectivas de la familia extensa en los sectores populares urbanos -- metodología utilizada en la observación participante y las entrevistas -- el machismo en los dos sexos -- la socialización machista -- el machismo en la cultura latinoamericana de la pobreza -- el machismo de ambos sexos en chile |
| 650 | 1 | 4 | _aFAMILIA - ESTRUCTURA SOCIAL - AMERICA LATINA \ MACHISMO - AMERICA LATINA |
| 001 | 1277 | ||
| 942 | _cBK | ||
| 999 |
_c32600 _d32600 |
||
| 336 |
_atexto _btxt _2rdacontent |
||
| 337 |
_2rdamedia _asin mediación _bn |
||
| 338 |
_2rdacarrier _avolumen _bnc |
||